Country of Birth of Australians - Statistics

General Stats
  • This quiz has been taken 1,830 times
    376 since last reset
  • The average score is 14 of 20
Answer Stats
Population Country of Birth % Correct
549,618 China (excl SARs & Taiwan)
97%
1,075,236 United Kingdom
97%
530,492 New Zealand
95%
17,020,422 Australia
94%
101,309 United States
94%
673,352 India
91%
163,326 Italy
81%
257,997 Vietnam
78%
101,255 Germany
77%
293,892 Philippines
74%
89,633 Pakistan
73%
102,092 South Korea
73%
92,314 Greece
68%
165,616 Malaysia
68%
189,207 South Africa
67%
92,922 Iraq
53%
131,904 Sri Lanka
52%
87,340 Lebanon
39%
122,506 Nepal
38%
100,148 Hong Kong
25%
No matching quizzes found
Score Distribution
Percent of People with Each Score
Percentile by Number Answered
Your Score History
You have not taken this quiz since the last reset